000 00404pab a2200145 454500
008 180718b2006 xxu||||| |||| 00| 0 eng d
100 _aWhitaker, Richard
245 _aAscendant assemblies in Britain? Rebellions, reforms and inter-cameral conflict
260 _c2006
300 _ap.173-80.
362 _aJan
650 _aPolitics and government
773 _aParliamentary Affairs
909 _a68549
999 _c68549
_d68549